000 01205nam a2200301 i 4500
001 000027296
003 DO-SdBNP
005 20241106092932.0
007 ta
008 110331s1992 dr a r 000 0 spa d
040 _aDO-SdBNP
_bspa
_cBNPHU
_erda
082 _a972.9302
_bG216S
_222
100 1 _a García Arévalo, Manuel Antonio
_d1948-
_eautor
_959457
245 1 0 _aSanto Domingo en ocasión del Quinto Centenario.
264 _aSanto Domingo :
_bAmigo del Hogar,
_c1992.
300 _a285 páginas :
_bilustraciones ;
_c23 cm.
336 _ardacontent
_btexto
_2txt
337 _ardamedia
_bsin mediación
_2n
338 _ardacarrier
_bvolumen
_2nc
490 1 _aQuinto Centenario
_aEstudios
_v9
505 _aCristobal Colón y el descubrimiento de América 21|La conmemoración del Quinto Centenario 55|Hispanidad y migración 109|Arquitectura y turismo 141|Productos de la conquista española 205|Apéndice 275
590 _aInventariado, 2018/BT
650 4 _aAmérica
_xDescubrimiento y exploraciones
_920820
650 4 _aAmérica
_xDescubrimiento y exploraciones Ensayos, conferencias, etc
_986783
830 0 _aQuinto Centenario
_pEstudios
_n9
_954371
910 _aDG
942 _2ddc
_cLBS1
999 _c26788
_d26788